| 000 | 00888nam a2200229 a 4500 | ||
|---|---|---|---|
| 001 | BRCA_8588 | ||
| 005 | 20190320210335.0 | ||
| 008 | 220816s--------mx-#######---#000-0#spa-# | ||
| 041 | _aspa | ||
| 044 | _amx | ||
| 245 | 1 | 0 | _aEscrituras primordiales de 3 censos dos perpetuos su valor 1.120 y otro redimible de 180 sobre unas casas en esta ciu. en la c. de las moscas detras del colegio de la suia las ultimam pose la viuda de D. Felipe Aguilar. |
| 260 |
_aMéxico _b[s.i.] _c17--? |
||
| 300 |
_a1 vol. (sin paginación) _c32 cm |
||
| 500 | _aFondo antiguo | ||
| 500 | _aSe encuentra en Caja Fuerte | ||
| 500 | _aW-151 | ||
| 500 | _aDocumento manuscrito, no. 60 y 67 | ||
| 500 | _aNota de encuadernación: piel pergamino con broches de piel | ||
| 506 | 0 | _aFondo reservado: para su consulta es necesario credencial de usuario y carta de motivos | |
| 902 | _aLAR | ||
| 942 |
_2lcc _cB |
||
| 999 |
_c8251 _d8251 |
||